| 000 | 00426nam a22001337a 4500 | ||
|---|---|---|---|
| 082 |
_a625.85 _bPRO _cD. |
||
| 100 |
_aMcleod, Norman W. _943885 |
||
| 245 |
_aProceeding of the association of asphalt paving technologists. _cNorman W. Mcleod. |
||
| 260 |
_bThe Association of Asphalt Paving Technologists. _c1962. |
||
| 300 | _avi, 156 p.: | ||
| 526 |
_a0 _b0 _c0 _d625_850000000000000_PRO |
||
| 650 |
_aMCE _9379 |
||
| 942 |
_2ddc _cBK |
||
| 999 |
_c547753 _d547753 |
||